000 00461nam a2200145Ia 4500
008 230917s9999||||xx |||||||||||||| ||und||
040 _e78966
_aMAIN
041 _aEnglish
082 _a363.325 S41G
100 _aSehgal, B P Singh, ed
245 0 _aGlobal terrorism: socio-politico and legal dimensions:Genesis of terrorism:Terrorism and human rights:Terrorism and the law
260 _aNew Delhi
_bDeep & Deep
_c1995
300 _axviii, 380 p.
942 _cBK
999 _c94711
_d94711